000 00256 a2200085 4500
020 _a9781465436078
100 _aDavid Taylor
245 _aDigital Photography Complete Course: Learn Everything You Need to Know in 20 Weeks
260 _bDK; Reissue edition
_c2015
999 _c13259
_d13259